Stati che confinano con la Russia - Statistics

Statistiche generali
  • Questo quiz è stato fatto 23 volte
  • Il punteggio medio è 13 su 14
Statistiche sulle risposte
Superficie (km²) Popolazione (ab.) Lunghezza confine (km) Stato % Corretto
45 228 1 324 820 294 Estonia
100%
338 424 5 536 146 1 340 Finlandia
100%
2 724 902 19 082 467 6 846 Kazakistan
100%
64 598 1 907 675 217 Lettonia
100%
65 200 2 793 397 227 Lituania
100%
1 566 000 3 357 95 3 485 Mongolia
100%
603 628 43 531 422 1 576 Ucraina
100%
86 600 10 095 900 284 Azerbaigian
95%
207 600 9 475 174 959 Bielorussia
95%
9 596 000 1 443 615 491 4 250 Cina
95%
69 700 3 716 858 723 Georgia
95%
312 696 38 036 118 210 Polonia
95%
385 207 5 448 984 196 Norvegia
89%
120 540 25 643 466 17 Corea del Nord
84%
Nessun quiz corrispondente trovato
Distribuzione punteggi
Percentuale di utenti per punteggio
Percentile per numero di risposta
I tuoi punteggi nel tempo
Non hai fatto questo quiz